| 000 | 01520nam a2200301Ia 4500 | ||
|---|---|---|---|
| 003 | OSt | ||
| 005 | 20210112143249.0 | ||
| 008 | 191128s2012 ck gr 000 0 spa d | ||
| 020 | _a9789584537614 | ||
| 040 |
_aCO-JMCR _cCO-JMCR |
||
| 041 | 0 | _aspa | |
| 082 | 0 | 4 |
_a658.4063 / _bH212g _223 |
| 100 | 1 |
_aHamel, Gary, _eautor _912823 |
|
| 245 | 1 | 3 |
_aLo que importa ahora : _bcómo triunfar en un mundo de cambios implacables, competencia feroz e innovación sin barreras / _cGary Hamel ; traducción Juan Manuel Pombo, Andrés Matallana |
| 260 |
_aBogotá : _bCarvajal educación, _c2012 |
||
| 300 |
_a302 páginas ; _c 23 cm. |
||
| 505 | 0 | _aLos valores importan ahora -- La innovación importa ahora -- La adaptabilidad importa ahora -- La pasión importa ahora -- La ideología importa ahora -- La brigada renegada de Half Moon Bay | |
| 520 | 0 | _aConsiderado como uno de los consultores más influyentes en temas de administración y estrategia empresarial, Gary Hamel hace en este libro un llamado urgente a directivos y gerentes empresariales para que vuelvan a lo prioritario. | |
| 534 | _pWhat matters now. How to win in a world of relentless change | ||
| 546 | _aTraducido del ingles | ||
| 650 | 2 | 4 |
_aAdministración de empresas _912824 |
| 650 | 2 | 4 |
_a Innovaciones tecnológicas _912184 |
| 650 | 2 | 4 |
_aÉxito en los negocios _9605 |
| 650 | 2 | 4 |
_aAdministración de empresas _912825 |
| 700 | 1 |
_aPombo, Juan Manuel, _etraductor _9100 |
|
| 700 | 1 |
_aMatallana, Andrés, _etraductor _912826 |
|
| 942 |
_2ddc _cBK |
||
| 999 |
_c3431 _d3431 |
||